| 000 | 01548nam a2200253Ia 4500 | ||
|---|---|---|---|
| 005 | 20250605123322.0 | ||
| 008 | 008 250516s9999 xx 000 0 eng d | ||
| 020 | _a9781319383435 | ||
| 040 |
_aSDCL _beng _cSDCL |
||
| 041 |
_aeng _2eng |
||
| 084 |
_aX:54 R1 _qSDCL |
||
| 100 | _aFeenstra, Robert C. | ||
| 245 | 0 | _aInternational economics | |
| 250 | _a5th ed. | ||
| 260 |
_aNew York : _bWorth Publishers, _c2021. |
||
| 300 | _axxiii, 806p.+V.P | ||
| 365 |
_aUKP _b74.99 |
||
| 520 | _aDeveloped in the classroom by two of the most prominent researchers in the field, Robert C Feenstra and Alan M Taylor’s International Macroeconomics 4e is a modern textbook for a modern audience. The new edition provides new material and examples rigorous enough to meet the challenges of teaching in this fast-moving area, yet approachable enough to encourage learning. Applications, integrated throughout, use real-world policies, events and evidence, and help students connect theory to real world policy and events. Many topics covered reflect recent applied research and data as well as shedding new light on existing theories—sometimes supporting them, sometimes refuting them. Headlines, also show how topics in the main text relate directly to media coverage of the global economy. | ||
| 650 |
_aBusiness & Economics / International / Economics & Trade _9811761 |
||
| 650 |
_aBusiness & Economics / International / General _9811908 |
||
| 650 | _aInternational economic relations | ||
| 700 | _aTaylor, Alan M. | ||
| 942 |
_cTEXL _2CC _n0 |
||
| 999 |
_c1430713 _d1430713 |
||